00791nac a22002297a 4500001001000000003000900010005001700019008003400036040005400070072000800124110010500132245007300237260003600310300001000346490012600356500001900482650001100501650001100512650001100523650001600534650001100550BR7603708BR-BrBNA20240105113957.0230509b bl.|||m| |||| 00| 0 por d aBR-BrBNAbporcBiblioteca Nacional de Agricultura aL731 aSecretaria de Estado da Agricultura, Curitiba, PR (Brasil). Coordenadoria de Defesa Sanitaria Animal1 aProjeto febre aftosa. Dezembro 1975 [vacina, bovino, Parana, Brasil]3 aCuritiba, PR (Brasil): c1976.  a17 p. aProjeto Febre Aftosa - Secretaria de Estado da Agricultura. Coordenadoria de Defesa Sanitaria Animal (Brazil)vv. 2(24)x aNumerical data aAFTOSA aVACINA aBOVINO aDIAGNOSTICO aPARANA